[Event "Figueira da Foz op 8th"]
[Site "Figueira da Foz"]
[Date "2014.11.29"]
[Round "8"]
[White "Silva, Miguel Antonio Neto"]
[Black "Rodriguez Ferreiro, Jose Camilo"]
[Result "1-0"]
[WhiteElo "2194"]
[BlackElo "1789"]
[PlyCount "51"]
[EventDate "2014.11.23"]
[EventType "swiss"]
[EventRounds "9"]
[EventCountry "POR"]
[SourceTitle "CBM 163 Extra"]
[Source "ChessBase"]
[SourceDate "2014.12.23"]
[SourceVersion "1"]
[SourceVersionDate "2014.12.23"]
[SourceQuality "1"]

1. d4 d5 2. c4 c6 3. Nf3 Nf6 4. e3 e6 5. b3 Bd6 6. Bb2 b6 7. Bd3 Bb7 8. 0-0 Nbd7 9. Nbd2 0-0 10. Ne5 c5 11. cxd5 exd5 12. Rc1 Rc8 13. Qf3 cxd4 14. exd4 Nb8 15. Bf5 Rxc1 16. Rxc1 Qe7 17. Qh3 Kh8 18. Re1 Qc7 19. Ndf3 g6 20. Qh4 Qd8 21. Ng5 Qc7 22. Rc1 Qe7 23. Bxg6 Kg7 24. Bxf7 Nbd7 25. Ne6+ Kh8 26. Ng6# 1-0

[Event "Figueira da Foz op 8th"]
[Site "Figueira da Foz"]
[Date "2014.11.26"]
[Round "5"]
[White "Rodriguez Ferreiro, Jose Camilo"]
[Black "Pintor, Ariana Maciel Abran"]
[Result "0-1"]
[WhiteElo "1789"]
[BlackElo "2006"]
[PlyCount "64"]
[EventDate "2014.11.23"]
[EventType "swiss"]
[EventRounds "9"]
[EventCountry "POR"]
[SourceTitle "CBM 163 Extra"]
[Source "ChessBase"]
[SourceDate "2014.12.23"]
[SourceVersion "1"]
[SourceVersionDate "2014.12.23"]
[SourceQuality "1"]

1. e4 c5 2. Nf3 e6 3. d4 cxd4 4. Nxd4 Nf6 5. Nc3 Bb4 6. Bd3 d5 7. e5 Ne4 8. Bxe4 dxe4 9. 0-0 0-0 10. Ndb5 Qa5 11. Bf4 Bd7 12. Nd6 Bxc3 13. bxc3 Bc6 14. Qg4 Nd7 15. Qg3 g6 16. Rfe1 f6 17. Qg4 Nxe5 18. Qxe6+ Kh8 19. Bxe5 Qxe5 20. Nf7+ Rxf7 21. Qxf7 Rd8 22. Qc4 Rd2 23. Rad1 e3 24. Rxd2 exd2 25. Rd1 Bb5 26. Qc8+ Kg7 27. h4 Qe1+ 28. Rxe1 dxe1Q+ 29. Kh2 Qe5+ 30. g3 Bc6 31. Qd8 Qe4 32. Kh3 Qh1+ 0-1

[Event "Figueira da Foz op 8th"]
[Site "Figueira da Foz"]
[Date "2014.11.23"]
[Round "2"]
[White "Azul, Artur"]
[Black "Rodriguez Ferreiro, Jose Camilo"]
[Result "1-0"]
[WhiteElo "1562"]
[BlackElo "1789"]
[PlyCount "137"]
[EventDate "2014.11.23"]
[EventType "swiss"]
[EventRounds "9"]
[EventCountry "POR"]
[SourceTitle "CBM 163 Extra"]
[Source "ChessBase"]
[SourceDate "2014.12.23"]
[SourceVersion "1"]
[SourceVersionDate "2014.12.23"]
[SourceQuality "1"]

1. c4 c5 2. Nf3 Nc6 3. Nc3 Nf6 4. g3 e6 5. Bg2 Be7 6. 0-0 0-0 7. e4 d6 8. d4 cxd4 9. Nxd4 Nxd4 10. Qxd4 e5 11. Qd3 Be6 12. Rd1 Rc8 13. b3 a6 14. a4 Nd7 15. Nd5 Bxd5 16. exd5 f5 17. Rb1 Nc5 18. Qc2 e4 19. Bf1 Bg5 20. b4 Nd7 21. Bb2 Bf6 22. Qb3 Bxb2 23. Rxb2 Kh8 24. Rc2 Ne5 25. Be2 Qf6 26. Qe3 Rc7 27. Rdc1 Re7 28. c5 Ng6 29. c6 f4 30. Qc3 Ne5 31. c7 Rc8 32. gxf4 Qxf4 33. Qg3 Nd3 34. Qxf4 Nxf4 35. Bg4 Ree8 36. Bxc8 Rxc8 37. Rd2 Nd3 38. Rc4 Ne5 39. Rdc2 Nxc4 40. Rxc4 Kg8 41. Kg2 Kf7 42. Kg3 g5 43. b5 axb5 44. axb5 Kg6 45. b6 Kf5 46. Ra4 Ke5 47. Ra5 h5 48. Ra7 Kxd5 49. Rxb7 Kc6 50. Rb8 Kd7 51. b7 Rxc7 52. Rd8+ Kxd8 53. b8Q+ Kd7 54. Qb5+ Ke6 55. Qxg5 Rc3+ 56. Kg2 Rf3 57. Qxh5 d5 58. Qg4+ Ke5 59. h4 d4 60. h5 d3 61. h6 Rf7 62. Qg3+ Kd4 63. Qe3+ Ke5 64. Kf1 Rd7 65. Ke1 Rb7 66. f4+ Kf5 67. Qh3+ Kxf4 68. h7 e3 69. Qf1+ 1-0

[Event "Figueira da Foz op 8th"]
[Site "Figueira da Foz"]
[Date "2014.11.23"]
[Round "1"]
[White "Rodriguez Ferreiro, Jose Camilo"]
[Black "Ferreira, Jorge Viterbo"]
[Result "0-1"]
[WhiteElo "1789"]
[BlackElo "2425"]
[PlyCount "28"]
[EventDate "2014.11.23"]
[EventType "swiss"]
[EventRounds "9"]
[EventCountry "POR"]
[SourceTitle "CBM 163 Extra"]
[Source "ChessBase"]
[SourceDate "2014.12.23"]
[SourceVersion "1"]
[SourceVersionDate "2014.12.23"]
[SourceQuality "1"]

1. d4 Nf6 2. c4 g6 3. Nc3 Bg7 4. e4 d6 5. h3 0-0 6. Be2 c5 7. Be3 cxd4 8. Bxd4 Nc6 9. Be3 Qa5 10. Qd2 Nd7 11. Nf3 Nc5 12. Nd4 Nxd4 13. b4 Nxe2 14. Nxe2 Qxb4 0-1